Enterprise and Venture Capital. (Record no. 349912)
[ view plain ]
| 000 -LEADER | |
|---|---|
| fixed length control field | 00668nam a22002417a 4500 |
| 003 - CONTROL NUMBER IDENTIFIER | |
| control field | OSt |
| 005 - DATE AND TIME OF LATEST TRANSACTION | |
| control field | 20180116183002.0 |
| 008 - FIXED-LENGTH DATA ELEMENTS--GENERAL INFORMATION | |
| fixed length control field | 150414b xxu||||| |||| 00| 0 eng d |
| 020 ## - INTERNATIONAL STANDARD BOOK NUMBER | |
| International Standard Book Number | 9781741756906 |
| 022 ## - INTERNATIONAL STANDARD SERIAL NUMBER | |
| International Standard Serial Number | 9781741756906 |
| 040 ## - CATALOGING SOURCE | |
| Transcribing agency | 0 |
| 050 ## - LIBRARY OF CONGRESS CALL NUMBER | |
| Classification number | 338.040994 |
| 082 ## - DEWEY DECIMAL CLASSIFICATION NUMBER | |
| Classification number | 338.040994 |
| 100 ## - MAIN ENTRY--PERSONAL NAME | |
| Personal name | Golis,Christopher C. |
| 245 ## - TITLE STATEMENT | |
| Title | Enterprise and Venture Capital. |
| Remainder of title | A Business Builder's and Investor's Handbook. |
| Statement of responsibility, etc. | Christopher C.Golis |
| 250 ## - EDITION STATEMENT | |
| Edition statement | 5th. |
| 260 ## - PUBLICATION, DISTRIBUTION, ETC. | |
| Place of publication, distribution, etc. | Australia |
| Name of publisher, distributor, etc. | ALLEN & UNWIN |
| Date of publication, distribution, etc. | 2010 |
| 300 ## - PHYSICAL DESCRIPTION | |
| Extent | 304p. |
| 500 ## - GENERAL NOTE | |
| General note | Paper Cover |
| 600 ## - SUBJECT ADDED ENTRY--PERSONAL NAME | |
| Personal name | Golis,Christopher C. |
| 700 ## - ADDED ENTRY--PERSONAL NAME | |
| Personal name | Golis,Christopher C. |
| 942 ## - ADDED ENTRY ELEMENTS (KOHA) | |
| Source of classification or shelving scheme | |
| Koha item type | Book |
| Call number prefix | 338.040994 |
| Withdrawn status | Lost status | Source of classification or shelving scheme | Damaged status | Not for loan | Collection code | Permanent Location | Current Location | Shelving location | Date acquired | Total Checkouts | Full call number | Barcode | Date last seen | Date last checked out | Price effective from | Koha item type |
|---|---|---|---|---|---|---|---|---|---|---|---|---|---|---|---|---|
| Central Library (CL) | Central Library (CL) | General Stacks | 04/14/2015 | 1 | 338.040994 GOL | NBS8427 | 08/27/2024 | 08/09/2017 | 04/14/2015 | Book |
